000 01003nam0a22002651 4500
001 rc\4694784
005 20250612154554.0
021 _aRU
_b[63-82252]
035 _a(NLR Aleph) 008715791
090 _a9386792
_c9386792
100 _a20130416d1963 |||y0rusy50 ca
101 0 _arus
102 _aRU
105 _ay z |||||
200 1 _aМарксизм-ленинизм о войне и армии
_e(Учеб. пособие для студентов НИИЖТа, изучающих марксистко-ленинскую философию)
_fНовосиб. ин-т инженеров ж.-д. транспорта. Кафедра марксистко-ленинской философии
210 _aНовосибирск
_cБ. и.
_d1963
215 _a33 с.
_d20
606 _aАрмия
_2psbo
606 _aВойна
_2psbo
700 1 _aПрокопьев
_bС.С.
801 0 _aRU
_bNLR
_gpsbo
801 1 _aRU
_bELAR
_2rusmarc
852 _aNLR
_j63-4/17232
942 _cBOOK
980 _aNB